Statistics for 日本近郊国々

Click here to take the quiz!

General Stats

  • This quiz has been taken 383 times
  • The average score is 15 of 20

Answer Stats

キロ% Correct
50韓国
96%
331中国
96%
43ロシア
94%
107台湾
94%
2578インド
91%
420北朝鮮
87%
568フィリピン
87%
2041タイ
87%
2192インドネシア
86%
1558ベトナム
86%
1640モンゴル
80%
2195アメリカ合衆国
80%
1864ラオス
74%
1984マレーシア
72%
1943カンボジア
71%
2251ミャンマー
68%
3073バングラデシュ
54%
2309ブルネイ
44%
2128パラオ
40%
2136ミクロネシア
33%

Score Distribution

Percentile by Number Answered

Percent of People with Each Score

Your Score History

You have not taken this quiz